| 000 | 00532nam a2200193Ia 4500 | ||
|---|---|---|---|
| 008 | 170918s9999 xx 000 0 und d | ||
| 020 | _a9780545292818 | ||
| 050 | _bG348 2005 | ||
| 100 | _aGeorge, Judith, St. | ||
| 245 | 4 | _aThe journey of the one and only declaration of independence / | |
| 245 | _cJudith S. George ; illustrated by Will Hillenbrand. | ||
| 260 | _aNew York : | ||
| 260 | _bScholastic, | ||
| 260 | _c2005 | ||
| 300 | _aunpaged : | ||
| 300 | _bcolored illustration ; | ||
| 300 | _c22cm. | ||
| 500 | _a890 | ||
| 999 |
_c342484 _d342484 |
||